| 000 | 01053nam a2200313 i 4500 | ||
|---|---|---|---|
| 001 | 183544 | ||
| 003 | ES-MaACL | ||
| 005 | 20250828032709.0 | ||
| 008 | 140717s2013 sp |||| | spa d | ||
| 020 | _a978-84-938331-3-8 | ||
| 080 | _a371.322.1 | ||
| 080 | _a37.017 | ||
| 100 | 1 |
_aKhon, Alfie. _9154999 |
|
| 245 | 1 | 3 |
_aEl mito de los deberes _b: ¿por qué son perjudiciales para el aprendizaje y la convivencia? / _cAlfie Kohn ; [traducción, Miguel Carlos Martínez López]. |
| 250 | _a1ª ed. | ||
| 260 |
_aMadrid : _bKaleida Forma, _c2013. |
||
| 300 |
_a287 p. ; _c21 cm. |
||
| 490 | 1 | _aImazigen | |
| 500 | _aÍndices. | ||
| 504 | _aBibliografía: p. [265]-277. | ||
| 650 | 4 |
_aDeberes escolares en casa. _9155000 |
|
| 650 | 4 |
_aEducación- _xFines y objetivos _912081 |
|
| 700 | 1 |
_aMartínez López, Miguel C. _9155001 |
|
| 830 | 0 |
_aImazigen _9224996 |
|
| 852 |
_aES-MaACL _jA-13154 _9 190485 _bR.149910 _cDEPO1 _dOlim:N-6154 |
||
| 942 |
_2udc _cMONOGRAFIA |
||
| 999 |
_c183544 _d183544 |
||